Vice-champions du Championnat d'Europe de football - Statistiques

Statistiques générales
  • Ce quiz a été pris 130 fois
    47 depuis la dernière actualisation
  • Le résultat moyen est 15 sur 17
Statistiques - réponses
Année Équipe % Correct
2016 France
100%
2020 Angleterre
98%
2024 Angleterre
98%
2004 Portugal
98%
2000 Italie
95%
2012 Italie
95%
2008 Allemagne
93%
1976 Allemagne de l'Ouest
93%
1992 Allemagne de l'Ouest
93%
1984 Espagne
90%
1964 Union soviétique
85%
1972 Union soviétique
85%
1988 Union soviétique
85%
1960 Yougoslavie
76%
1968 Yougoslavie
76%
1980 Belgique
71%
1996 République tchèque
51%
Aucun quiz correspondant
Distribution des résultats
% des personnes avec chaque résultat
Percentile par nombre de réponses
Votre historique - résultats
Vous n’avez pas pris ce quiz depuis la dernière actualisation